Culture Générale : La Géographie - Statistiques

Statistiques générales
  • Ce quiz a été pris 206 fois
    175 depuis la dernière actualisation
  • Le résultat moyen est 5 sur 10
Statistiques - réponses
Question Réponse % Correct
Lequel de ces pays est enclavé à l'intérieur d'un autre état ? Le Lesotho
89%
Lequel de ces pays n'est pas traversé par le désert du Sahara ? La Namibie
84%
Quel pays compte le plus de musulmans au monde ? L'Indonésie
79%
Lequel de ces pays ne comporte aucune étoile sur son drapeau ? Madagascar
79%
Quel département français compte le plus de communes ? Le Pas-de-Calais
68%
Quelle est la capitale de l'Ouzbékistan ? Tachkent
42%
Lequel de ces pays ne fait pas partie du G20 L'Espagne
16%
En 2020, lequel de ces pays a la plus forte population ? La Pologne
11%
Lequel de ces pays est le plus grand ? Le Burkina Faso
11%
Lequel de ces pays compte les plus grandes réserves de pétrole ? Le Venezuela
5%
Aucun quiz correspondant
Distribution des résultats
% des personnes avec chaque résultat
Percentile par nombre de réponses
Votre historique - résultats
Vous n’avez pas pris ce quiz depuis la dernière actualisation